000 00791nam a2200265Ia 4500
003 OSt
005 20220930085555.0
006 a|||||r|||| 00| 0
007 ta
008 220926b |||||||| |||| 00| 0 hin d
024 _a101381
037 _cTheses
040 _aCRL
_cCRL
_bhin
041 _2hin
_ahin
100 _aMisra Aneesh
_9540616
110 _aUniversity of Delhi. Faculty of Arts. Department of Sanskrit
245 0 _aKavya prakash ki tikaon mein vistarika tika ka isthan
260 _c2008
300 _a282
_ap.
_ccm.
650 _aSANSKRIT
700 _a Dr. Pradipt Kumar Panda Gu.
_9540617
700 _aUniversity of Delhi. Faculty of Arts. Department of Sanskrit
942 _cDIS
_2CC
999 _c879160
_d879160